| 000 | 01142cas a2200301 4500 | ||
|---|---|---|---|
| 001 | 249 | ||
| 005 | 20220419091215.0 | ||
| 007 | t| | ||
| 008 | 930614c19939999paufr p 0 a0eng c | ||
| 010 |
_a 94640710 _zsn 93007504 |
||
| 022 | 0 | _a1070-0714 | |
| 100 | _aLee Gutkind | ||
| 245 | 0 | 0 | _aCreative nonfiction. |
| 260 |
_aPittsburgh, PA : _bCreative Nonfiction Foundation, Dept. of English, University of Pittsburgh, _cc1993- |
||
| 300 |
_av. ; _c22 cm. |
||
| 310 | _aSemiannual | ||
| 362 | 0 | _aVol. 1, issue 1- | |
| 500 | _aEach issue has also a distinctive title. | ||
| 500 | _aLatest issue consulted: Issue 37, copyrighted in 2009. | ||
| 515 | _aNo. 32 also issued as no. 1 of The best creative nonfiction. | ||
| 515 | _aVol. designation dropped with <issue 4> | ||
| 515 | _aVol. numbering ends with v. 1, issue 1 (1993); whole numbering begins with no. 2 (1994). | ||
| 650 | 0 |
_aAmerican prose literature _y20th century _vPeriodicals. |
|
| 650 | 0 |
_aCreative nonfiction, American _vPeriodicals. |
|
| 650 | 0 |
_aReportage literature, American _vPeriodicals. |
|
| 710 | 2 | _aCreative Nonfiction Foundation (U.S.) | |
| 942 |
_2ddc _cMAIN |
||
| 999 |
_c222 _d222 |
||